| 000 | 00540nam a22001817a 4500 | ||
|---|---|---|---|
| 005 | 20150624122800.0 | ||
| 010 | _aENG-113090 | ||
| 020 |
_a9789351434184 _c245.00 |
||
| 035 | _aEN-96622 | ||
| 037 | _bDBAD/PUB | ||
| 082 | _a340.054 | ||
| 100 | _aKalia, Tanuj | ||
| 245 |
_aLaw as a career / _cby Tanuj Kalia |
||
| 260 |
_bLexisNexis _c2015 _aGurgaon |
||
| 270 |
_bGurgaon _e122002 _a14th Floor Building No.10, Tower-B, DLF Cyber City, Phase-II, |
||
| 300 |
_axii,243p. _c22cm(pbk) |
||
| 942 |
_2ddc _cEN _mKAL _h340.054 |
||
| 999 |
_c93756 _d93756 |
||